| 000 | 00977nam a22002177a 4500 | ||
|---|---|---|---|
| 003 | St Aloysius Coll | ||
| 005 | 20260418162858.0 | ||
| 008 | 260418b |||||||| |||| 00| 0 eng d | ||
| 020 | _a9788198870667 | ||
| 040 | _cAL | ||
| 041 | _aEnglish | ||
| 082 |
_a791.43092 _bHANM |
||
| 100 |
_aBasil Hans V _9262198 |
||
| 245 |
_aMadhuri dixit _b: the eternal enchantress |
||
| 260 |
_aGhaziabad _bP&P Academy _c2025 |
||
| 300 |
_a128p. _bPB _c21x14cm |
||
| 365 | _2General | ||
| 520 | _aIn Madhuri Dixit: The eternal enchantress readers are invited to explore the multifaceted life of a woman who has continually reinvented herself. both on and off the screen. from her early days as a young girl with dreams of stardom in Mumbai. to her evolution into one of Bollywood's most revered actresses. Madhuri's journey is a testament to her resilience and unwavering commitment to her craft. | ||
| 650 |
_2Public Performances _aArts and Recreation _9262199 |
||
| 942 |
_2ddc _cBK |
||
| 999 |
_c241308 _d241308 |
||